| 000 | 00651nam a22002177a 4500 | ||
|---|---|---|---|
| 003 | DO-SdBNP | ||
| 005 | 20240722114937.0 | ||
| 007 | ta | ||
| 008 | 221025b202- dr a|||| |||| 00| 0 spa d | ||
| 020 | _a9789945930016 | ||
| 040 |
_aDO-SdBNP _bspa _cBNPHU |
||
| 082 | 4 | _222 | |
| 100 |
_976214 _aSabaris, Arlene |
||
| 245 | 1 | 3 |
_aLa tetera elegante / _bArlene Sabaris, ilustrado por Mística (Massiel González Uceta) |
| 260 |
_aSanto Domingo : _bAnticanon Infantil, _c2021. |
||
| 300 |
_a36 p. : _bil. ; _c26 cm. |
||
| 590 | _aInventariado, 2022/BT | ||
| 700 |
_aGonzález Uceta Massiel _eilustración _985158 |
||
| 910 | _abtavárez | ||
| 942 |
_2ddc _cLBS1 |
||
| 999 |
_c52627 _d52627 |
||